1484 1740 1669 1285 1227 1392 1151 1288 1643 1721 1045 1943 1702 1962 1825 1376 1816 1924 1372 1841 1577 1169 1997 1063 1205 1696 1603 1380 1049 1696 1757 1182 1188 1055 1313 1159 1129 1618 1787 1766 1465 1242 1100 1373 1966 1024 1140 1293 1311 1889 1246 1515 1376 1502 1815 1154 1731 1348 1019 1981 1789 1706 1211 1258 1348 1147 1194 1971 1795 1733 1742 1890 1284 1303 1959 1288 1289 1677 1994 1022 1081 1937 1832 1846 1379 1235 1467 1593 1363 1053 1179 1068 1336 1968 1680 1671 1159 1036 1514 BCNSPRNW ULIB Ver.6.0+V

เปลี่ยนเป็นภาษาไทย

Change to English
 แสดงรายละเอียดบรรณานุกรม
  กลับหน้าหลัก

Brief Record : Get Marc (ISO 2709) : E-mail record : QR code < ปิดหน้าต่าง
LEADER : 00000nam 2200000uu 4500
001    13399113587
003     ULIB
008    111202s2554||||th 000 0 tha d
020    ^a9786167014166
060 04 ^aWA100^bม964ส
100 1  ^aRoizen, Michael F.
245 10 ^aYou :^bthe owner s manual= สุขภาพดี คุณสร้างได้/^cbyMichael F. Roizen and Mehmet C.
260    ^aกรุงเทพฯ :^bอินสปายร์,^c2554
300    ^a399 หน้า. :^bภาพ. ;^c24 cm.
650  2 ^aHealth
650  2 ^aPhysiological Processes
650  2 ^aHealth Behavior
650  2 ^aNutritional Physiological Phenomena
650  2 ^aLongevity
700 1  ^aOz, Mehmet C.
700    ^aนุชนาฎ เนตรประเสริฐศรี,ผู้แปล
700    ^aปรีชา เมฆานันท์, ผู้แปล
945    ^p295^l0^i18534
945    ^p295^l0^i18533
995    ^aกัณชพร
999    ^aใช้งานได้ทุกระบบ
รายการนี้ยังไม่มีแท็ก
คุณยังไม่ได้ล็อกอิน คุณสามารถมีกิจกรรมร่วมกับเว็บไซต์ได้ แต่ต้องล็อกอินก่อน ::
  ล็อกอิน

รายการสื่อสารสนเทศ

ลำดับที่ ประเภท เลขเรียก/บาร์โค้ด สถานที่ สถานะ
1. วิทยาศาสตร์การแพทย์ และสุขภาพ
วิทยาศาสตร์การแพทย์ และสุขภาพ
สถานะ=หนังสือเก่า
WA100 ม964ส  
  Barcode: 18534
ห้องสมุดวิทยาเขตนครสวรรค์
►ส่วนจัดเก็บหนังสือเก่า นว.
บนชั้น
  ขอยืม
2. วิทยาศาสตร์การแพทย์ และสุขภาพ
วิทยาศาสตร์การแพทย์ และสุขภาพ
สถานะ=หนังสือเก่า
WA100 ม964ส ฉ.2 
  Barcode: 18533
ห้องสมุดวิทยาเขตนครสวรรค์
►ส่วนจัดเก็บหนังสือเก่า นว.
บนชั้น
  ขอยืม

รายการใกล้เคียง
    ผู้แต่ง [Roizen, Michael F.]

    หัวเรื่อง [Health]
    หัวเรื่อง [Physiological Processes]
    หัวเรื่อง [Health Behavior]
    หัวเรื่อง [Nutritional Physiological Phenomena]
    หัวเรื่อง [Longevity]

BibComment


ยังไม่เคยถูกคอมเมนท์

คอมเมนท์ทรัพยากรรายการนี้
  คอมเมนท์: You the owner s..


 Copyright 2026. Bcnsprnw @Library